000 00741nam a2200193Ia 4500
003 GCL
008 140319s9999 xx 000 0 ara d
040 _aGCL /
_cGCL
082 0 4 _a338.13
_bم ا
100 1 _aمنظمة الاغذية والزراعة
245 1 0 _aاثار برنامج التكيف الهيكلى على انتاج واستهلاك الغذاء فى مصر /
_cمنظمة الاغذية والزراعة
260 _a[S.N] :
_bمنظمة الاغذية والزراعة للأمم المتحدة ،
_c1995
300 _a109 ص
490 _a
650 0 4 _aالامن الغذائى
650 0 4 _aالزراعة - اقتصاديات - مصر
650 0 4 _aالانتاج الزراعى - مصر
942 _2ddc
_cBK
999 _c59050
_d59050